Datum a čas kvízu
33
Celkem bodů
Celkový počet nahraných bodů na tomto kvízu bez doplňovacích otázek.
2.
Pořadí na kvízu
Konečné umístění týmu na tomto kvízu.
Zaznamenané odpovědi
| # | Otázka | Odpověď | Body | Výsledky |
|---|---|---|---|---|
| 1. | Aktuality samozřejmě otevřeme... | Karel Diviš | 1 | |
| 2. | V jednom státě nedlouho po pre... | Brazílie | 0 | |
| 3. | Dva letošní Zlaté globy – za n... | Steven Spielberg, Fabelmanovi | 1 | |
| 4. | Jak se jmenuje knižní bestsell... | Náhradník (Spare) | 0 | |
| 5. | Jedna česká sportovní legenda... | Kateřina Neumannová | 0 | |
| 6. | V tomto tématu se budeme věnov... | imploze | 0 | |
| 7. | Výbuchy lze rozdělit na několi... | Pompeje, Herculaneum | 1 | |
| 8. | K největší explozi zapříčiněné... | B | 0 | |
| 9. | Jedním z nejznámějších výbuchů... | 3,6 R/h | 0 | |
| 10. | Poznáte podle ukázky film z ro... | Saturnin | 1 |